Statistics for Guess the European country

Click here to take the quiz!

General Stats

  • This quiz has been taken 14 times
    (12 since last reset)
  • The average score is 30 of 45

Answers on the Map

Answers color-coded by a green-red scale on the quiz's map according to % correct below.
 

Answer Stats

Answer% Correct
Finland
90%
Croatia
80%
Estonia
80%
Greece
80%
Iceland
80%
Ireland
80%
Latvia
80%
Norway
80%
Poland
80%
Russia
80%
UK
80%
Ukraine
80%
Belgium
70%
Bulgaria
70%
Czechia
70%
France
70%
Germany
70%
Italy
70%
Luxembourg
70%
Moldova
70%
Netherlands
70%
Romania
70%
Spain
70%
Sweden
70%
Albania
60%
Andorra
60%
Austria
60%
Denmark
60%
Liechtenstein
60%
Lithuania
60%
Malta
60%
Portugal
60%
San Marino
60%
Serbia
60%
Slovakia
60%
Slovenia
60%
Vatican City
60%
Belarus
50%
Bosnia and Herzegovina
50%
Hungary
50%
Kosovo
50%
Monaco
50%
Montenegro
50%
Switzerland
40%
Macedonia
30%

Score Distribution

Percentile by Number Answered

Percent of People with Each Score

Your Score History

You have not taken this quiz since the last reset